Ligne K du Transilien - Statistiques

Statistiques générales
  • Ce quiz a été pris 220 fois
  • Le résultat moyen est 8 sur 10
Statistiques - réponses
n gares correspondances % Correct
2 Aulnay-sous-Bois RER BT 4
98%
1 Paris-Nord RER B D ETransilien H M 2 4 5
98%
3 Mitry - Claye RER B
97%
10 Crépy-en-Valois
91%
4 Compans
80%
6 Dammartin - Juilly - Saint-Mard
78%
5 Thieux - Nantouillet
78%
7 Le Plessis-Belleville
72%
8 Nanteuil-le-Haudouin
67%
9 Ormoy-Villers
65%
Aucun quiz correspondant
Distribution des résultats
% des personnes avec chaque résultat
Percentile par nombre de réponses
Votre historique - résultats
Vous n’avez pas pris ce quiz